Countries Most Similar To Lithuania - Statistics

General Stats
  • This quiz has been taken 141 times
  • The average score is 13 of 20
Answer Stats
Rank Country Score % Correct
1 Latvia 83.4
97%
2 Estonia 79.1
91%
3 Poland 78.6
90%
20 Russia 70
84%
8 Belarus 74.1
80%
14 Germany 72.1
80%
5 Slovakia 76.9
75%
9 Ukraine 73.6
72%
4 Czechia 77
70%
6 Slovenia 75.6
66%
7 Croatia 74.2
63%
15 Romania 72
63%
10 Hungary 73.1
60%
17 Serbia 71.3
59%
11 Bulgaria 73.1
57%
18 Moldova 71.1
53%
12 France 72.6
46%
13 Belgium 72.1
29%
19 Portugal 70.6
19%
16 Luxembourg 71.7
17%
No matching quizzes found
Score Distribution
Percent of People with Each Score
Percentile by Number Answered
Your Score History
You have not taken this quiz